Culture générale - numéro 4 - Statistiques

Statistiques générales
  • Ce quiz a été pris 194 fois
  • Le résultat moyen est 8 sur 15
Statistiques - réponses
Question Réponse % Correct
Quel est le département le plus au Nord de la France? le Nord
81%
Quelle protéine abrégée "Hb" donne sa couleur rouge au sang? Hémoglobine
72%
Quelle est la capitale de la Bosnie-Herzégovine? Sarajevo
70%
Quel animal est au sommet de la chaîne alimentaire marine? l'Orque
67%
Quel élément chimique découvert en 1898 par Marie Curie, est relatif au pays de naissance de celle-ci? Polonium
65%
Quel nom portait anciennement la République démocratique du Congo Zaïre
64%
Comment se nomme le système + et - associé aux groupes sanguins? Rhésus
60%
Quelle échelle est utilisée pour mesurer la force des piments? Scoville
60%
Que signifie la lettre N dans la marque de biscuits BN? Nantaise
58%
De quel animal est issu le Cachemire? La chèvre Cachemire
51%
Quelle langue dérivée du Néerlandais est parlée notamment en Afrique du Sud? Afrikaans
47%
Quelle navigatrice française est décédée en 2015 dans un accident d'hélicoptère? Florence Arthaud
39%
Quel a été le film le plus rentable de Quentin Tarantino? Django Unchained
34%
De quelle matière sont traditionnellement composés les parchemins? Peau animale
28%
Quel fleuve traverse Lisbonne? Le Tage
27%
Aucun quiz correspondant
Distribution des résultats
% des personnes avec chaque résultat
Percentile par nombre de réponses
Votre historique - résultats
Vous n’avez pas pris ce quiz